00456 2200181 4500001002100000005001700021035002400038040001200062082001100074084001900085100001900104245005100123260002800174300002700202650002100229850001200250990001200262YOGYA00000000002047520170121130438.0 0010-081400000020193 aYOPDYOG a899.23 ak 899.23 sus l asuseno, slamet alahan tumpuan harapan cet. 2 /csuseno, slamet ajakartabyasagunac1984 a60 hlm.bilus.c19 cm. aSastra Indonesia aYOPDYOG a10531-A